000 00214nam a22001097a 4500
041 _aeng
080 _a80
100 _aJaniw, W.
245 _aGahrbuch der Ukrain. Bibliograph.
650 _aGerman
999 _c277779
_d277779
942 _cBK